| 000 | 01212nam a22002417a 4500 | ||
|---|---|---|---|
| 005 | 20211030112343.0 | ||
| 008 | 211030b ||||| |||| 00| 0 eng d | ||
| 020 | _a8175343362 | ||
| 040 | _cAL | ||
| 041 | _aeng | ||
| 082 |
_223 _a343.014 _bNILC |
||
| 100 |
_aNilendra Kumar _99387 |
||
| 245 | _aCourts Martial Under Scrutiny | ||
| 260 |
_aDelhi _bUniversal Law Publishing Co Pvt Ltd _c2003 |
||
| 300 |
_axvi,184 p. _bPB _c21x14 cm. |
||
| 520 |
_aThe articles contained in the book present an in depth analysis of live issues relating to courts martial, military law applications, law of armed conflict and Human Rights. It discusses efficacy of military law machinery in the war against terrorism. This publication will serve as a ready reckoner on various topics relevant to understating and handling of legal and disciplinary cases. A reference book useful to the armed forces officers and of military law practitioners. _uhttps://archive.claws.in/images/journals_doc/1386008417_NilendraKumar.pdf |
||
| 650 |
_aMilitary Law _99388 |
||
| 650 |
_aTerrorism and Law of War _99389 |
||
| 650 |
_aHumanitarian Law _99390 |
||
| 650 |
_aArmy Act _99391 |
||
| 700 |
_aKUMAR (Nilendra) _99392 |
||
| 942 |
_2ddc _cGF |
||
| 999 |
_c220304 _d220304 |
||